• Juan de Capistrano,

di Personal Name

Records bibliografici associati: 1

001 - CONTROL NUMBER

  • control field: 56474

003 - CONTROL NUMBER IDENTIFIER

  • control field: IT-RoINE

005 - DATE AND TIME OF LATEST TRANSACTION

  • control field: 20200318075119.0

008 - FIXED-LENGTH DATA ELEMENTS

  • fixed length control field: 190125|| aca||aabn | a|a d

040 ## - CATALOGING SOURCE

  • Original cataloging agency: IT-RoINE
  • Transcribing agency: IT-RoINE

100 0# - HEADING--PERSONAL NAME

  • Personal name: Juan de Capistrano,
  • Titles and other words associated with a name: Santo,
  • Dates associated with a name: 1385-1456

400 0# - SEE FROM TRACING--PERSONAL NAME

  • Personal name: Iohannes de Capistrano
  • Titles and other words associated with a name: Santo,
  • Dates associated with a name: 1385-1456

400 0# - SEE FROM TRACING--PERSONAL NAME

  • Personal name: Ioannes de Capestrano,‏
  • Titles and other words associated with a name: Santo,
  • Dates associated with a name: 1385-1456

400 0# - SEE FROM TRACING--PERSONAL NAME

  • Personal name: Giovanni da Capistrano,
  • Titles and other words associated with a name: Santo,
  • Dates associated with a name: 1385-1456

400 0# - SEE FROM TRACING--PERSONAL NAME

  • Personal name: Giovanni da Capestrano,
  • Titles and other words associated with a name: Santo,
  • Dates associated with a name: 1385-1456

670 ## - SOURCE DATA FOUND

  • Source citation: Work cat.: (IT-RoINE)0: Palumbo, Claudio, Obispo de Trivento, 1965- 56473, Giovanni da Capestrano: sull'autorità del Papa e del Concilio /, ©2015.